| 000 | 00898nam a2200205 a 4500 | ||
|---|---|---|---|
| 001 | 80999 | ||
| 003 | BD-RjUL | ||
| 005 | 20221220151047.0 | ||
| 008 | 221220s1987 ii |||||||||||||||||ara d | ||
| 035 | _a(BD-RjUL)80999 | ||
| 040 |
_aNNL _bara _cBD-RjUL |
||
| 041 | 0 | _aara | |
| 082 |
_223 _a297.74 _bNAD 1987 |
||
| 100 | 1 |
_aالندوي، ابو الحسن علي، Al-Nadawi, Abu Al-Hassan Ali. _d1913-1999 _96389 |
|
| 245 | 1 | 4 |
_aالدعوة الاسلامية في العصر الحاضر : :جبهانها الحاسمة ومجالاتها الرئيسية aldaewat aliaslamiat fi aleasr alhadir : jabhanuha alhasimat wamajalatuha alrayiysia / _cأبو الحسن علي الحسني الندوي. Al-Hassan Ali Al-Hasani Al-Nadawi. |
| 260 |
_a[Hind : _bmusasat al sahafah ، _c1987 |
||
| 300 |
_a23ص. _c18 cm |
||
| 650 |
_aIslam _vDawat _96390 |
||
| 942 |
_2ddc _cBK |
||
| 999 |
_c80999 _d80999 |
||